000
00316nam a2200121Ia 4500
008
190216s9999||||xx |||||||||||||| ||und||
100
_a
"Bojtech Fried,Hendrik F Hameka &uldis Blukis"
245
0
_a
Physical Chemistry
260
_b
Macmillan
_c
1977
300
_a
983p
650
_a
Chemistry-Chemistry
942
_c
BK
999
_c
2285
_d
2285